Manual of Colour Photography (Record no. 593617)
[ view plain ]
| 000 -LEADER | |
|---|---|
| fixed length control field | 00392nam a2200145Ia 4500 |
| 008 - FIXED-LENGTH DATA ELEMENTS--GENERAL INFORMATION | |
| fixed length control field | 100415s9999 xx 000 0 und d |
| 082 ## - DEWEY DECIMAL CLASSIFICATION NUMBER | |
| Item number | 10691 |
| Classification number | 778.3 |
| 100 ## - MAIN ENTRY--PERSONAL NAME | |
| Personal name | Bomback Edward S |
| 245 ## - TITLE STATEMENT | |
| Title | Manual of Colour Photography |
| 260 ## - PUBLICATION, DISTRIBUTION, ETC. (IMPRINT) | |
| Place of publication, distribution, etc | LONDON |
| Date of publication, distribution, etc | 1964 |
| Name of publisher, distributor, etc | FOUNTAIN PRESS |
| 365 ## - TRADE PRICE | |
| Price amount | 0 |
| 630 ## - SUBJECT ADDED ENTRY--UNIFORM TITLE | |
| Uniform title | Manual of Colour Photography |
| 730 ## - ADDED ENTRY--UNIFORM TITLE | |
| Uniform title | Manual of Colour Photography |
| 942 ## - ADDED ENTRY ELEMENTS (KOHA) | |
| Koha item type | Book |
| Withdrawn status | Lost status | Damaged status | Not for loan | Home library | Current library | Date acquired | Cost, normal purchase price | Total Checkouts | Full call number | Barcode | Date last seen | Price effective from | Koha item type |
|---|---|---|---|---|---|---|---|---|---|---|---|---|---|
| Bombay Natural History Society | Bombay Natural History Society | 06/03/1998 | 0.00 | 778.3 10691 | BNHS-10691 | 04/15/2010 | 04/15/2010 | Book |